| 000 | 00395nam a2200145Ia 4500 | ||
|---|---|---|---|
| 008 | 260417s2025 xx 000 0 und d | ||
| 041 | _aeng | ||
| 082 |
_a612.015/BHI _bDI-1454 |
||
| 100 | _aDR.S.B.BHISE | ||
| 245 | _aBIOCHEMISTRY AND CLINICAL PATHOLOGY | ||
| 250 | _a4TH ed | ||
| 260 |
_aPUNE _b2025 _bNIRALI PRAKASHN |
||
| 300 | _aP.B/13.8p | ||
| 650 | _aBIOCHEMISTRY AND CLINICAL PATHOLOGY | ||
| 999 |
_c1220765 _d1220765 |
||